[1]: Alessandro e Cesare /

Guardado en:
Detalles Bibliográficos
Autor principal: Plutarchus (Autor)
Otros Autores: Brindesi, Fausto (Traductor)
Formato: Libro
Lenguaje:italiano
Publicado: Milano : Rizzoli, 1953
Colección:Biblioteca universale Rizzoli ; 639-640
Materias:
Etiquetas: Agregar Etiqueta
Sin Etiquetas, Sea el primero en etiquetar este registro!

MARC

LEADER 00000nam a22000007ib4500
001 IT\ICCU\RAV\0094538
003 ItRI
005 20260115232337.0
008 900313s1953 it |||||| ||||| |||||c
015 |2 IT  |a 1954 2735 
024 7 0 |a 467952  |2 cubi 
040 |b ita  |c importazione bologna sebina 
041 7 |a ita  |2 ISO-639-2 
100 0 |a Plutarchus  |0 IT\ICCU\CFIV\005487  |4 aut 
240 1 0 |a Alexandros, G. Kaisar  |3 IT\ICCU\LO1\0346347 
245 1 5 |a [1]: Alessandro e Cesare /  |c Plutarco. 
260 |a Milano :  |b Rizzoli,  |c 1953 
300 |a 172 p. :  |b ill. ;  |c 16 cm 
500 |a Traduzione di Fausto Brindesi. 
650 7 |a Cesare, Gaio Giulio 
700 1 |a Brindesi, Fausto  |0 IT\ICCU\RAVV\070945  |4 trl 
773 0 |w IT\ICCU\RAV\0094308  |t Biografie parallele  |g 1  |a Plutarchus  |0 IT\ICCU\CFIV\005487 
790 0 |a Ploytarchoy  |3 IT\ICCU\CFIV\259063  |z Plutarchus 
790 0 |a Plutarque  |3 IT\ICCU\CFIV\259064  |z Plutarchus 
790 0 |a Plutarch  |3 IT\ICCU\CFIV\259065  |z Plutarchus 
790 0 |a Plutarth  |3 IT\ICCU\CFIV\259066  |z Plutarchus 
790 0 |a Plutarco  |3 IT\ICCU\CFIV\259071  |z Plutarchus 
790 0 |a Pseudo Plutarco  |3 IT\ICCU\SBNV\034316  |z Plutarchus 
790 0 |a Plutarco  |c  (pseudo)  |3 IT\ICCU\SBNV\034317  |z Plutarchus 
790 0 |a Pseudo Plutarchus  |3 IT\ICCU\SBNV\034318  |z Plutarchus 
790 0 |a Ploutarkhos  |3 IT\ICCU\SBNV\036198  |z Plutarchus 
830 0 |a Biblioteca universale Rizzoli ;  |v 639-640  |0 IT\ICCU\RAV\0006435 
942 |2 ddc  |c BK  |n 0 
952 |0 0  |1 0  |4 0  |6 DOC_920_038000000000000_PLU  |7 0  |9 24522  |a BO  |b BO  |d 2026-01-15  |i 7765  |l 0  |o DOC 920.038 PLU  |p BO7765  |r 2026-01-15 23:23:37  |w 2026-01-15  |x [Sebina 5] [1 v.]  |y BK  |z 1 v. 
999 |c 20870  |d 20870